000 00860cad a22002055a 4500
001 L154895
008 120130e20120127xxk 000 0 eng d
035 _a(Sirsi) u154895
041 0 _aeng
110 2 _aLloyds TSB
_94126
245 0 0 _aCost of moving rises faster than house prices over the past decade
_h[electronic resource]
260 _c2012
490 _aLloyds TSB Press Release
_v27 January 2012
520 _aMoving home costs have increased at a faster rate than house prices since 2001. The average cost of moving is approximately £9 000 with the largest proportion being estate agency fees.
590 _aKA
651 4 _aUnited Kingdom
_y
690 _aResidential property
_96266
856 4 0 _uhttps://www.lloydsbankinggroup.com/media/pdfs/LTSB/2012/2701_Cost.pdf
_zView this item free of charge at www.lloydsbankinggroup.com
942 _n0
999 _c83740
_d83740